| 000 | 00000nam##2200000za#4500 |
| 001 | 9.662784 |
| 003 | CaOODSP |
| 005 | 20250128101704 |
| 007 | ta |
| 008 | 150407|2001||||xxc||||| f|0| 0 fre|d |
| 020 | |a0-662-65733-0 |
| 040 | |aCaOODSP|bfre |
| 041 | |aeng |
| 041 | |afre |
| 043 | |an-cn--- |
| 086 | 1 |aSF31-53/2-2001 |
| 110 | 1 |aCanada. |bBureau du Commissaire aux langues officielles. |
| 245 | 10|aLes langues officielles au Canada: faits et chiffres: Quebéc |
| 260 | |aOttawa - Ontario : |bCommissariat aux langues officielles |c2001. |
| 300 | |aTexte français, 8p. ; |c28 cm. |
| 546 | |aBilingue |
| 563 | |aCouverture souple |
| 590 | |a01-47|b2001-11-23 |
| 691 | 07|aLangue officielle|2gcpds |
| 691 | 07|aProvince|2gcpds |
| 776 | 0#|tLes langues officielles au Canada - faits et chiffres. Quebéc |w(CaOODSP)9.640083 |
| 776 | 0#|tCanadian linguistic facts and figures. Quebec |w(CaOODSP)9.695965 |
| 791 | |tCanadian linguistic facts and figures: Quebec |eeng|w(CaOODSP)9.662783 |